La globalización de la atención de la salud: oportunidades para el Caribe /

Wedi'i Gadw mewn:
Manylion Llyfryddiaeth
Prif Awdur: Bernal, Richard L.
Fformat: Texto
Pynciau:
Tagiau: Ychwanegu Tag
Dim Tagiau, Byddwch y cyntaf i dagio'r cofnod hwn!

MARC

LEADER 00000 a a2200000 04500
001 16018
003
040
100 |a Bernal, Richard L.  
245 |a La globalización de la atención de la salud:   |b oportunidades para el Caribe /  |c Richard L. Bernal 
650 |a SERVICIOS DE SALUD  
650 |a MERCADO  
650 |a PAISES EN DESARROLLO  
650 |a GLOBALIZACION  
650 |a JAMAICA  
650 |a ESTADOS UNIDOS  
773 |g número 92; páginas 83-100  
999 |c 29707  |d 29707